000 00646cab a22001815a 4500
001 L141726
008 071217e19010119xxk 000 0 eng d
035 _a(Sirsi) u141726
041 0 _aeng
245 0 4 _aThe Institute of Estate and House Agents
260 _c1901
490 _aProperty Market Review
_v19 January 1901, 54(1)
520 _aReports on a social meeting at the Institute, at which the President's address included discussion of commissions, working men's dwellings and flats.
610 2 4 _aInstitute of Estate and House Agents
_95481
651 4 _aUnited Kingdom
_y
690 _aABOUT RICS-RELATED ORGANISATIONS
942 _n0
999 _c79575
_d79575